000 00555nam a2200181Ia 4500
008 100917s9999 xx 000 0 und d
082 _b10282
100 _aकुलकर्णी नलिनी द.
245 _aजादूगारांचा सामना
260 _b---
300 _a24
365 _b0.25
520 _aबालविभाग
630 _aजादूगारांचा सामना
650 _aबालविभाग
730 _aजादूगारांचा सामना
942 _cBOOK
999 _c615676
_d615673